000 00356nam a2200133Ia 4500
008 240624s9999 xx 000 0 und d
041 _aeng
082 _a158.1 ROB
100 _aROBINSON W JANE
245 _aDIVINE DECLARATION AWAKEN TO YOUR DIVINE
260 _c2007
_aNew Delhi
_bMacmillan India
300 _axii, : 234 : p. : cm. ; 25
365 _cRS
_b32
999 _c7347
_d7347